[Event "Monarch Assurance"]
[Site "Port Erin IOM"]
[Date "2004.09.26"]
[Round "2"]
[White "Gottschlich,C"]
[Black "Cannon,R"]
[Result "1-0"]
[WhiteElo "2382"]
[BlackElo "2060"]

1.d4 e6 2.c4 Nf6 3.Nc3 Bb4 4.Qc2 O-O 5.a3 Bxc3+ 6.Qxc3 b6 7.Bg5 Bb7 8.Nf3 d6
9.e3 Nbd7 10.Nd2 e5 11.d5 a5 12.Qc2 Nc5 13.Be2 Qe7 14.O-O a4 15.e4 h6 16.Be3 Nfd7
17.f3 Kh7 18.f4 exf4 19.Rxf4 Ne5 20.Raf1 Bc8 21.Bd4 Kg8 22.Qc3 Nb3 23.Nxb3 axb3
24.Qxb3 Ng6 25.Qg3 Qg5 26.R4f3 Bg4 27.Be3 Qh4 28.Qxh4 Nxh4 29.R3f2 Bxe2 30.Rxe2 Rae8
31.Bd4 Ng6 32.Rff2 Ne5 33.Bxe5 Rxe5 34.Rf5 Rfe8 35.Rxe5 Rxe5 36.Kf2 Kf8 37.Ke3 Ke7
38.Rf2 g6 39.g4 h5 40.h3 Rg5 41.Kf4 f6 42.Rf3 Re5 43.Rb3 g5+ 44.Ke3 h4 45.Kd4 Kf7
46.Rb4 Re8 47.Ra4 Ke7 48.Ra7 Kd7 49.a4 Rb8 50.b4 Kd8 51.a5 bxa5 52.b5 Kd7
53.Rxa5 Kc8 54.Ra7 Rb6 55.Kc3 Kd8 56.Kb4 Rb8 57.c5 dxc5+ 58.Kxc5 Kc8 59.d6 cxd6+
60.Kc6 Kd8 61.b6 Rc8+ 62.Kxd6  1-0

[Event "GM Classic"]
[Site "Gausdal NOR"]
[Date "2004.09.29"]
[Round "7"]
[White "Palo,D"]
[Black "Tallaksen,G"]
[Result "1-0"]
[WhiteElo "2513"]
[BlackElo "2350"]

1.d4 Nf6 2.c4 e6 3.Nc3 Bb4 4.Qc2 O-O 5.a3 Bxc3+ 6.Qxc3 b6 7.Bg5 Ba6 8.Qf3 Nc6
9.e3 h6 10.Bh4 Re8 11.Rc1 Qe7 12.Qd1 e5 13.d5 Nb8 14.Ne2 d6 15.Nc3 e4 16.Nb5 Rc8
17.Be2 Nbd7 18.Nd4 Ne5 19.Nf5 Qd8 20.Qd4 c6 21.dxc6 Rxc6 22.O-O Rac8 23.Rfd1 Bxc4
24.Bxc4 Nxc4 25.Bxf6 gxf6 26.Qxe4 Ne5 27.Rxc6 Rxc6 28.Nxh6+ Kg7 29.Nf5+ Kg8
30.f4 Rc4 31.Qb1 Ng4 32.h3  1-0

[Event "TCh-Vojvodina"]
[Site "Sombor SCG"]
[Date "2004.09.29"]
[Round "7"]
[White "Vlatkovic,S"]
[Black "Pavlovic,Nen"]
[Result "1-0"]
[WhiteElo "2285"]
[BlackElo "2017"]

1.d4 Nf6 2.c4 e6 3.Nc3 Bb4 4.Qc2 O-O 5.a3 Bxc3+ 6.Qxc3 b6 7.Bg5 Bb7 8.f3 h6
9.Bh4 d5 10.cxd5 exd5 11.e3 Re8 12.O-O-O Nbd7 13.Kb1 Rc8 14.Bb5 c6 15.Bd3 c5
16.Ne2 Qe7 17.Bf2 cxd4 18.Qxd4 Nc5 19.Ng3 Nxd3 20.Qxd3 Nd7 21.Nf5 Qe6 22.Nd4 Qe7
23.g3 Ne5 24.Qe2 Nc4 25.Nf5 Qd7 26.Ka2 Qa4 27.Rd4 Rc5 28.Be1 Rb5 29.Ka1 Rd8
30.Bc3 Rb3 31.Qxc4 Qxc4 32.Rxc4 dxc4 33.Nd4 Rxd4 34.exd4 Bxf3 35.Re1 Rb5
36.Re8+ Kh7 37.Re7 Bg4 38.Rxf7 Rf5 39.Rxa7 Rf1+ 40.Ka2 Bd1 41.a4 Bh5 42.Rb7 Be8
43.d5 Rf7 44.Rxf7 Bxf7 45.d6 Be8 46.Ka3 Kg6 47.Bd4 b5 48.a5 Kf7 49.Kb4 Ke6
50.Kc5 Bg6 51.Kc6 Be8+ 52.Kc7  1-0

[Event "Monarch Assurance"]
[Site "Port Erin IOM"]
[Date "2004.09.30"]
[Round "6"]
[White "Pert,R"]
[Black "Gordon,S"]
[Result "1/2-1/2"]
[WhiteElo "2407"]
[BlackElo "2338"]

1.d4 Nf6 2.c4 e6 3.Nc3 Bb4 4.Qc2 O-O 5.a3 Bxc3+ 6.Qxc3 b6 7.Bg5 Ba6 8.Qf3 Nc6
9.e3 Bb7 10.Qd1 Ne7 11.Bxf6 gxf6 12.Ne2 d5 13.Nc3 f5 14.cxd5 Nxd5 15.Be2 Qh4
16.Nxd5 Bxd5 17.Bf3 Bxf3 18.Qxf3 c5 19.dxc5 bxc5 20.O-O Rab8 21.b4 cxb4 22.axb4 Rxb4
23.Rxa7 Qg4 24.Qc6  1/2-1/2

[Event "Monarch Assurance"]
[Site "Port Erin IOM"]
[Date "2004.09.30"]
[Round "6"]
[White "Gottschlich,C"]
[Black "Moiseenko,A"]
[Result "0-1"]
[WhiteElo "2382"]
[BlackElo "2640"]

1.d4 Nf6 2.c4 e6 3.Nc3 Bb4 4.Qc2 O-O 5.a3 Bxc3+ 6.Qxc3 d6 7.Bg5 Nbd7 8.f3 b6
9.e4 c5 10.Bd3 Ba6 11.Ne2 Rc8 12.b3 Nxe4 13.Bxd8 Nxc3 14.Be7 Rfe8 15.Bxd6 Nxe2
16.Bxe2 cxd4 17.O-O-O Nc5 18.b4 Nb7 19.Rxd4 e5 20.Rd5 Bxc4 21.Bxc4 Rxc4+
22.Kb2 f6 23.Rhd1 Kf7 24.b5 Rd8 25.Bb4 Rxd5 26.Rxd5 Ke6 27.Rd2 h5 28.h3 g6
29.Re2 Kf5 30.Rd2 Rc7 31.Kb3 Nc5+ 32.Bxc5 Rxc5 33.a4 Rc7 34.Rd6 h4 35.a5 bxa5
36.Ra6 g5 37.Rd6 Rb7 38.Kc4 Rb6  0-1

[Event "Monarch Assurance"]
[Site "Port Erin IOM"]
[Date "2004.09.30"]
[Round "6"]
[White "Almond,R"]
[Black "Adams,P"]
[Result "1/2-1/2"]
[WhiteElo "2113"]
[BlackElo "2124"]

1.d4 Nf6 2.c4 e6 3.Nc3 Bb4 4.Qc2 O-O 5.a3 Bxc3+ 6.Qxc3 b6 7.Bg5 Bb7 8.e3 d6
9.f3 Nbd7 10.Bd3 c5 11.Ne2 h6 12.Bh4 d5 13.Rc1 Rc8 14.Qd2 cxd4 15.exd4 dxc4
16.Bxc4 Ne4 17.Qf4 g5 18.fxe4 gxf4 19.Bxd8 Rfxd8 20.O-O Bxe4  1/2-1/2

[Event "Monarch Assurance"]
[Site "Port Erin IOM"]
[Date "2004.10.02"]
[Round "8"]
[White "Gottschlich,C"]
[Black "Spence,D"]
[Result "1-0"]
[WhiteElo "2382"]
[BlackElo "2236"]

1.d4 e6 2.c4 Nf6 3.Nc3 Bb4 4.Qc2 O-O 5.a3 Bxc3+ 6.Qxc3 b6 7.Bg5 Bb7 8.f3 d5
9.cxd5 exd5 10.e3 Nbd7 11.Bd3 h6 12.Bh4 Re8 13.Ne2 Qe7 14.Bf2 c5 15.O-O Rac8
16.Qd2 Nf8 17.Rad1 Ne6 18.Rfe1 a6 19.Bb1 Bc6 20.Ng3 g6 21.e4 dxe4 22.Nxe4 Bxe4
23.Bxe4 Nxe4 24.Rxe4 Qf8 25.d5 Ng5 26.Rxe8 Rxe8 27.h4 Nh7 28.Be3 Qe7 29.d6 Qxh4
30.Bxh6 g5 31.d7 Rd8 32.Qd6 g4 33.Qf4 Nf8 34.Bg5  1-0

[Event "Monarch Assurance"]
[Site "Port Erin IOM"]
[Date "2004.10.03"]
[Round "9"]
[White "Kiriakov,P"]
[Black "Chandler,M"]
[Result "1-0"]
[WhiteElo "2555"]
[BlackElo "2531"]

1.d4 Nf6 2.c4 e6 3.Nc3 Bb4 4.Qc2 O-O 5.a3 Bxc3+ 6.Qxc3 b6 7.Bg5 Bb7 8.f3 d5
9.e3 Nbd7 10.cxd5 exd5 11.Bd3 h6 12.Bh4 Re8 13.Ne2 c5 14.O-O Qe7 15.Bf2 Rac8
16.Qd2 Nf8 17.Rfe1 Ne6 18.Ng3 Qf8 19.Rac1 Rb8 20.h3 Rbc8 21.Bb1 Ba6 22.Qd1 Bb5
23.Rc3 g6 24.Qd2 cxd4 25.Rxc8 Rxc8 26.exd4 Re8 27.h4 h5 28.Re5 Nd7 29.Re1 Ng7
30.Rxe8 Qxe8 31.Qg5 Bc4 32.Bc2 Qe6 33.Qd8+ Kh7 34.Qc7 a5 35.a4 Ne8 36.Qc8 Ndf6
37.Qb7 Qd7 38.Qxb6  1-0

[Event "Open"]
[Site "Winterthur SUI"]
[Date "2004.10.04"]
[Round "4"]
[White "Kelecevic,N"]
[Black "Jenni,F"]
[Result "1/2-1/2"]
[WhiteElo "2393"]
[BlackElo "2503"]

1.d4 Nf6 2.c4 e6 3.Nc3 Bb4 4.Qc2 O-O 5.a3 Bxc3+ 6.Qxc3 b6 7.Bg5 Ba6 8.e3 d6
9.Bd3 Nbd7 10.b4 c5 11.dxc5 bxc5 12.Nf3 Qc7 13.O-O e5 14.Bxf6 Nxf6 15.Nd2 d5
16.cxd5 Nxd5 17.Qb3 Bxd3 18.Qxd3 Rad8 19.Qb3 Nf6 20.Qc2 Qd7 21.Ne4 Nxe4 22.Qxe4  1/2-1/2

[Event "Open"]
[Site "Winterthur SUI"]
[Date "2004.10.06"]
[Round "6"]
[White "Kelecevic,N"]
[Black "Kveinys,A"]
[Result "1/2-1/2"]
[WhiteElo "2393"]
[BlackElo "2531"]

1.d4 Nf6 2.c4 e6 3.Nc3 Bb4 4.Qc2 O-O 5.g3 Bxc3+ 6.Qxc3 b6 7.Bg5 Bb7 8.e3 d6
9.f3 Nbd7 10.Bd3 c5 11.Ne2 Rc8 12.Qd2 cxd4 13.exd4 Ba6 14.b3 Qc7 15.Rc1 Qb8
16.O-O d5 17.Rfe1 dxc4 18.bxc4 Rfe8 19.Kh1 Bb7 20.Nc3 Ba6 21.Ne2 Bb7 22.Nc3 Ba6  1/2-1/2

[Event "Open"]
[Site "Winterthur SUI"]
[Date "2004.10.09"]
[Round "9"]
[White "Kveinys,A"]
[Black "Jurek,J"]
[Result "1-0"]
[WhiteElo "2531"]
[BlackElo "2367"]

1.d4 Nf6 2.c4 e6 3.Nc3 Bb4 4.Qc2 O-O 5.a3 Bxc3+ 6.bxc3 b6 7.Bg5 Bb7 8.e3 d6
9.f3 Nbd7 10.Nh3 c5 11.e4 Qc7 12.Rd1 d5 13.cxd5 exd5 14.e5 h6 15.Bf4 Nh5
16.Be3 g5 17.Bd3 Ng7 18.f4 g4 19.Ng1 Rac8 20.Ne2 f5 21.h3 g3 22.Nxg3 Qd8
23.Qd2 cxd4 24.Bxd4 Nc5 25.O-O Ne4 26.Qe3 Qd7 27.Bxe4 fxe4 28.f5 Nxf5 29.Nxf5 Rxf5
30.e6 Qxe6 31.Rxf5 Qxf5 32.Qxh6  1-0

[Event "4th Rohde Open"]
[Site "Sautron FRA"]
[Date "2004.10.26"]
[Round "4"]
[White "Maiorov,N"]
[Black "Sasu Ducsoara,An"]
[Result "1-0"]
[WhiteElo "2452"]
[BlackElo "2244"]

1.d4 Nf6 2.c4 e6 3.Nc3 Bb4 4.Qc2 O-O 5.a3 Bxc3+ 6.Qxc3 b6 7.Bg5 Bb7 8.f3 h6
9.Bh4 d5 10.e3 Nbd7 11.cxd5 Nxd5 12.Bxd8 Nxc3 13.Bh4 Nd5 14.Be2 f5 15.Bb5 c6
16.Bd3 e5 17.Ne2 Rae8 18.O-O e4 19.fxe4 fxe4 20.Bc4 Nf6 21.h3 Kh7 22.Rfe1 g5
23.Rac1 Re7 24.Nc3 b5 25.Ba2 Nxc3 26.Rxc3 Nd5 27.Rc5 h5 28.Bg3 Rf5 29.Be5 Kh6
30.Bb1 Rfxe5 31.dxe5 Rxe5 32.Ba2 b4 33.Bxd5 Rxd5 34.Rxd5 cxd5 35.Rc1  1-0

[Event "36th Olympiad w"]
[Site "Calvia ESP"]
[Date "2004.10.27"]
[Round "12"]
[White "Bosboom Lanchava,T"]
[Black "Sorokina,A"]
[Result "0-1"]
[WhiteElo "2352"]
[BlackElo "2199"]

1.d4 Nf6 2.c4 e6 3.Nc3 Bb4 4.Qc2 O-O 5.Bg5 d5 6.e3 Nbd7 7.cxd5 exd5 8.Bd3 h6
9.Bh4 c6 10.Ne2 Re8 11.O-O Be7 12.Bg3 Nh5 13.Nxd5 Nxg3 14.Nxe7+ Qxe7 15.Nxg3 Nf6
16.Nf5 Bxf5 17.Bxf5 Nd5 18.a3 a5 19.b3 Qg5 20.Rab1 Qe7 21.Qb2 Qg5 22.Bh3 Qh5
23.Qc2 g6 24.b4 axb4 25.axb4 Ra3 26.b5 Nc3 27.Bd7 Re7 28.bxc6 bxc6 29.Rb8+ Kg7
30.Bxc6 Ne2+ 31.Kh1 Rc3 32.Qb2 Rxc6 33.Rb5 Rc2 34.Qb4 Qh4 35.h3 Qe4 36.Kh2 Nc3
37.Rc5 Rb7 38.Qa5 Qd3 39.Qd8 Ne4 40.Ra5 Qxf1 41.Ra8 Qxg2+  0-1

[Event "WYg16"]
[Site "Heraklio GRE"]
[Date "2004.11.06"]
[Round "4"]
[White "Foisor,S"]
[Black "Congiu,M"]
[Result "1-0"]
[WhiteElo "2228"]
[BlackElo "2084"]

1.d4 Nf6 2.c4 e6 3.Nc3 Bb4 4.Qc2 O-O 5.Nf3 b6 6.e4 d5 7.e5 Ne4 8.Bd3 Bb7
9.O-O Bxc3 10.bxc3 f5 11.exf6 gxf6 12.cxd5 exd5 13.c4 f5 14.Ne5 Nd7 15.f3 Nd6
16.Bh6 Qh4 17.Nxd7 Qxh6 18.Nxf8 Rxf8 19.c5 Nf7 20.Qf2 Ng5 21.Rfe1 Qg7 22.Kh1 Bc8
23.Re5 bxc5 24.Rxd5  1-0

[Event "V Open"]
[Site "Sauzal ESP"]
[Date "2004.11.06"]
[Round "4"]
[White "Zlotnik,B"]
[Black "Diaz Franco,F"]
[Result "1-0"]
[WhiteElo "2424"]
[BlackElo "2078"]

1.d4 Nf6 2.c4 e6 3.Nc3 Bb4 4.Qc2 O-O 5.a3 Bxc3+ 6.Qxc3 Ne4 7.Qc2 f5 8.Nf3 d6
9.g3 Nd7 10.Bg2 Ndf6 11.O-O c5 12.dxc5 Nxc5 13.b4 Nce4 14.Bb2 Qc7 15.Nd4 e5
16.Nb5 Qb6 17.Rad1 Rd8 18.Nxd6 Nxd6 19.c5 Qb5 20.Qb3+ Kf8 21.Bxe5 Nf7 22.Rxd8+ Nxd8
23.a4 Qxe2 24.Bd6+ Ke8 25.Qc3 Be6 26.Re1 Qh5 27.c6 bxc6 28.Bxc6+ Nxc6 29.Qxc6+  1-0

[Event "TCh-SWE Elitserien 2004-5"]
[Site "Skara SWE"]
[Date "2004.11.06"]
[Round "2"]
[White "Barkhagen,J"]
[Black "Sjodahl,P"]
[Result "1/2-1/2"]
[WhiteElo "2461"]
[BlackElo "2422"]

1.d4 Nf6 2.c4 e6 3.Nc3 Bb4 4.Qc2 O-O 5.a3 Bxc3+ 6.Qxc3 b6 7.Nf3 Bb7 8.e3 d6
9.b3 Nbd7 10.Bb2 Ne4 11.Qc2 f5 12.Rd1 Qe8 13.Be2 Qg6 14.O-O Rae8 15.Ne1 Qh6
16.Bc1 Qh4 17.f3 Ng5 18.g3 Qh5 19.h4 Nf7 20.Ng2 g5 21.f4 g4 22.d5 Nf6 23.Bb2 Ne4
24.Kh2 c5 25.Ba1 Qg6 26.Qb2 h5 27.Ne1  1/2-1/2

[Event "Extraliga CZE 2004-5"]
[Site "Czech Rep CZE"]
[Date "2004.11.07"]
[Round "2"]
[White "Timoscenko,G"]
[Black "Jaworski,Mi"]
[Result "1-0"]
[WhiteElo "2504"]
[BlackElo "2375"]

1.d4 Nf6 2.c4 e6 3.Nc3 Bb4 4.Qc2 O-O 5.a3 Bxc3+ 6.Qxc3 b6 7.Bg5 Bb7 8.f3 h6
9.Bh4 d5 10.e3 Nbd7 11.cxd5 Nxd5 12.Bxd8 Nxc3 13.Bh4 Nd5 14.Bf2 c5 15.e4 Ne7
16.Bb5 Bc6 17.Bxc6 Nxc6 18.Ne2 cxd4 19.Nxd4 Nxd4 20.Bxd4 Rac8 21.O-O Nc5
22.Rac1 Nb3 23.Rxc8 Rxc8 24.Bc3 Rd8 25.Kf2 f6 26.Ke2 Nd4+ 27.Ke3 Nb3 28.h4 h5
29.g4 hxg4 30.fxg4 Nc5 31.e5 fxe5 32.Bxe5 Rd3+ 33.Ke2 Rh3 34.h5 Nd3 35.Bc3 Nc5
36.Rf3 Rh4 37.Rf4 Rh2+ 38.Ke3 a5 39.Rd4 Kh7 40.Rd6 Rh3+ 41.Kf4 g6 42.hxg6+ Kxg6
43.Rxb6 Nd3+ 44.Ke4 Nc5+ 45.Kd4 Na4 46.Rxe6+ Kg5 47.Re5+ Kxg4 48.Rxa5 Nxc3
49.bxc3 Kf4 50.a4 Rh1 51.Rd5 Ra1 52.a5 Ra4+ 53.c4 Ra3 54.Rb5 Ra1 55.Kd5 Kf5
56.c5 Kf6 57.Kc6 Ke7 58.Kb7  1-0

[Event "Extraliga CZE 2004-5"]
[Site "Czech Rep CZE"]
[Date "2004.11.07"]
[Round "2"]
[White "Stohl,I"]
[Black "Markos,J"]
[Result "1/2-1/2"]
[WhiteElo "2561"]
[BlackElo "2454"]

1.d4 Nf6 2.c4 e6 3.Nc3 Bb4 4.Qc2 O-O 5.e4 c5 6.e5 Ne8 7.dxc5 Nc6 8.Nf3 Bxc5
9.Bd3 f5 10.exf6 Nxf6 11.Qe2 Nd4 12.Nxd4 Bxd4 13.Be3 Bxe3 14.Qxe3 d5 15.cxd5 exd5
16.Qd4 Re8+ 17.Be2 Bg4 18.f3 Bf5 19.O-O Qa5 20.Rfd1 Rad8 21.Rd2 Rd6 22.Rad1 Rde6
23.Bf1 Re5 24.a3 Bg6 25.Re2 Rxe2 26.Bxe2 Bc2 27.Rd2 Bb3 28.g4 h6 29.Kg2 a6
30.Bd3 Qc7 31.Re2 Rxe2+ 32.Bxe2 a5 33.f4 Ne4 34.Nxd5 Qd7 35.Qxe4  1/2-1/2

[Event "WYb16"]
[Site "Heraklio GRE"]
[Date "2004.11.07"]
[Round "5"]
[White "Rodshtein,M"]
[Black "Manukian,G"]
[Result "1-0"]
[WhiteElo "2377"]
[BlackElo "2198"]

1.d4 Nf6 2.c4 e6 3.Nc3 Bb4 4.Qc2 O-O 5.a3 Bxc3+ 6.Qxc3 b6 7.Bg5 Bb7 8.e3 d6
9.Ne2 Nbd7 10.Qd3 Qe8 11.Nc3 e5 12.d5 a6 13.Be2 h6 14.Bh4 Nh7 15.e4 Bc8 16.b4 f5
17.exf5 Qf7 18.g4 Nhf6 19.O-O Re8 20.f3 Nf8 21.Ne4 N6h7 22.Bg3 g6 23.fxg6 Nxg6
24.Qe3 Nf4 25.c5 bxc5 26.bxc5 Nxe2+ 27.Qxe2 dxc5 28.Qe3 h5 29.Rad1 c4 30.d6 Rb8
31.Qc5 Rb7 32.Qc6 Rb6 33.Qxc7 Rb7 34.Qc6 Nf8 35.f4 Qg7  1-0

[Event "TCh-SWE Elitserien 2004-5"]
[Site "Skara SWE"]
[Date "2004.11.07"]
[Round "3"]
[White "Barkhagen,J"]
[Black "Hamark,J"]
[Result "1-0"]
[WhiteElo "2461"]
[BlackElo "2222"]

1.d4 Nf6 2.c4 e6 3.Nc3 Bb4 4.Qc2 O-O 5.a3 Bxc3+ 6.Qxc3 b6 7.Bg5 Ba6 8.Qf3 Nc6
9.e3 h6 10.Bxf6 Qxf6 11.Qxf6 gxf6 12.Nf3 Ne7 13.c5 Bxf1 14.Rxf1 d5 15.cxd6 cxd6
16.Rc1 Rfc8 17.Ke2 d5 18.Nd2 Rxc1 19.Rxc1 Rc8 20.Rb1 Nf5 21.f3 Kf8 22.Kd3 Ke8
23.e4 Ne7 24.Re1 Kd7 25.Nb1 Rg8 26.Re2 dxe4+ 27.fxe4 f5 28.exf5 Nxf5 29.Nc3 Kc6
30.g3 Rg4 31.Re4 Rg5 32.Rf4 Nd6 33.Ne4 Rg7 34.Nf6 Rg6 35.Ng4 Kc7 36.Ne5 Rg7
37.Rf6 Rh7 38.g4 a6 39.a4 Kd8 40.Rf1 f5 41.gxf5 exf5 42.Rg1 a5 43.Rg6 Kc7
44.Ke3 h5 45.h4 Re7 46.Kf4 b5 47.b3 bxa4 48.bxa4 Rh7 49.Kg5 Rh8  1-0

[Event "Open"]
[Site "Calcutta IND"]
[Date "2004.11.09"]
[Round "2"]
[White "Islam,Kh"]
[Black "Aleksandrov,A"]
[Result "0-1"]
[WhiteElo "2326"]
[BlackElo "2659"]

1.d4 Nf6 2.c4 e6 3.Nc3 Bb4 4.Qc2 O-O 5.a3 Bxc3+ 6.Qxc3 b6 7.Bg5 Bb7 8.f3 c5
9.dxc5 bxc5 10.e3 a5 11.Nh3 d6 12.Rd1 Ra6 13.Bxf6 Qxf6 14.Qxf6 gxf6 15.Nf4 Nd7
16.Ne2 Rb8 17.Rd2 Ne5 18.Rc2 Rb6 19.Nc1 Bc6 20.b3 a4 21.bxa4 Bxa4 22.Rc3 Rb1
23.Kf2 R8b2+ 24.Be2 Ra1 25.Rf1 Rc2  0-1

[Event "Open"]
[Site "Calcutta IND"]
[Date "2004.11.11"]
[Round "5"]
[White "Chatterjee,D"]
[Black "Mishra,N"]
[Result "1-0"]
[WhiteElo "2239"]
[BlackElo "2354"]

1.d4 Nf6 2.c4 e6 3.Nc3 Bb4 4.Qc2 O-O 5.a3 Bxc3+ 6.Qxc3 b6 7.Bg5 Bb7 8.f3 c5
9.dxc5 bxc5 10.e3 Nc6 11.Rd1 Qe7 12.Nh3 d6 13.Bxf6 gxf6 14.Nf4 f5 15.Be2 Ne5
16.O-O Ng6 17.Nh5 f6 18.Rd2 Rad8 19.Rfd1 Ne5 20.b4 cxb4 21.axb4 Rd7 22.b5 Rdd8
23.Qa3 Nf7 24.Qxa7 e5 25.Nxf6+ Qxf6 26.Qxb7 Kh8 27.f4 Rg8 28.Ra2 Rb8 29.Qd5 Qg6
30.Bf1 Rbd8 31.Ra7 Rdf8 32.b6 exf4 33.exf4 Nh6 34.Qd4+ Qf6 35.Qxf6+ Rxf6
36.b7 Rb8 37.Be2  1-0

[Event "WYg14"]
[Site "Heraklio GRE"]
[Date "2004.11.12"]
[Round "10"]
[White "Saulyte,G"]
[Black "Guramishvili,S"]
[Result "0-1"]
[WhiteElo "1997"]
[BlackElo "2132"]

1.d4 Nf6 2.c4 e6 3.Nc3 Bb4 4.Qc2 O-O 5.Bg5 c5 6.e3 cxd4 7.exd4 Nc6 8.Nf3 d5
9.a3 Be7 10.Rd1 b6 11.cxd5 exd5 12.Be2 Be6 13.O-O Na5 14.Ne5 Nd7 15.Bxe7 Qxe7
16.b4 Nb7 17.Nc6 Qh4 18.Bf3 Nd6 19.Nxd5 Bxd5 20.Bxd5 Kh8 21.Ne5 Rac8 22.Qa4 Nf6
23.Bf3 Rc7 24.b5 Nfe4 25.Qb4 Rfc8 26.d5 Qf6 27.Ng4 Qf4 28.Ne3 Rc5 29.a4 f5
30.Rd4 Qe5 31.Rfd1 Nc3 32.Rf1 h6 33.Rh4 Nde4 34.Rh5 g6 35.Rxh6+ Kg7 36.Rh4 Qf6
37.Rf4 Qe5 38.g3 Nd2 39.Re1 Nxf3+ 40.Rxf3 Ne4 41.Rf4 Qf6 42.f3 Ng5 43.Ng4 Nh3+
44.Kh1 Qc3 45.Qxc3+ Rxc3 46.Rd4 fxg4 47.fxg4 Rc2 48.d6 Nf2+ 49.Kg1 Nh3+ 50.Kh1 Ra2
51.g5 Rcc2 52.Re7+ Kf8  0-1

[Event "Open"]
[Site "Calcutta IND"]
[Date "2004.11.13"]
[Round "7"]
[White "Dao Thien Hai"]
[Black "Nguyen Anh Dung"]
[Result "1/2-1/2"]
[WhiteElo "2601"]
[BlackElo "2567"]

1.d4 Nf6 2.c4 e6 3.Nc3 Bb4 4.Qc2 O-O 5.a3 Bxc3+ 6.Qxc3 b6 7.Bg5 Ba6 8.e3 d6
9.Nf3 Nbd7 10.Bd3 c5 11.O-O  1/2-1/2

[Event "Open"]
[Site "Calcutta IND"]
[Date "2004.11.17"]
[Round "11"]
[White "Dao Thien Hai"]
[Black "Kunte,A"]
[Result "1/2-1/2"]
[WhiteElo "2601"]
[BlackElo "2550"]

1.d4 Nf6 2.c4 e6 3.Nc3 Bb4 4.Qc2 O-O 5.a3 Bxc3+ 6.Qxc3 b6 7.Bg5 Bb7 8.e3 d6
9.Ne2 Nbd7 10.Qd3 Ba6 11.Qc2 Qe8 12.Nc3 c5 13.Qa4 h6 14.Bh4 cxd4 15.exd4 d5  1/2-1/2

[Event "Acropolis IM Open"]
[Site "Athens GRE"]
[Date "2004.11.18"]
[Round "3"]
[White "Koliopoulos,K"]
[Black "Sigalas,F"]
[Result "0-1"]
[WhiteElo "2149"]
[BlackElo "2284"]

1.d4 Nf6 2.c4 e6 3.Nc3 Bb4 4.Qc2 O-O 5.a3 Bxc3+ 6.Qxc3 Ne4 7.Qc2 f5 8.g3 b6
9.Bg2 Bb7 10.Nf3 d6 11.Nd2 Qf6 12.Nxe4 Bxe4 13.Bxe4 fxe4 14.Be3 d5 15.cxd5 exd5
16.Qxc7 Nc6 17.Rd1 Rac8 18.Qb7 Qe6 19.b4 Rf7 20.Qa6 Nb8 21.Qa4 a6 22.Kd2 b5
23.Qb3 Nd7 24.Rc1 Nb6 25.Rc5 Nc4+ 26.Kc2 Qg4 27.Re1 Rcf8 28.Rxd5 Rxf2 29.Bxf2 e3
30.Bg1 Qe4+ 31.Kd1 Qxd5 32.Bxe3 Re8 33.Bg1 Ne3+ 34.Qxe3 Rxe3 35.Bxe3 Qb3+
36.Kd2 Qxa3 37.Rc1 Qxb4+ 38.Kd3 Qb3+ 39.Ke4 Qe6+ 40.Kd3 Qf5+ 41.Kd2 b4 42.Rc5 Qe4
43.Rc8+ Kf7 44.Rb8 a5 45.Rb5 Qb1 46.d5 b3 47.Rb7+ Kg6 48.Bd4 Qe4 49.Rxg7+ Kh6
50.e3 Qc2+ 51.Ke1 b2 52.Bxb2 Qb1+  0-1

[Event "Petrosian Mem Open"]
[Site "Yerevan ARM"]
[Date "2004.11.19"]
[Round "1"]
[White "Kotanjian,T"]
[Black "Martirosyan,L"]
[Result "1/2-1/2"]
[WhiteElo "2472"]
[BlackElo "2146"]

1.d4 Nf6 2.c4 e6 3.Nc3 Bb4 4.Qc2 O-O 5.a3 Bxc3+ 6.Qxc3 b6 7.Bg5 h6 8.Bh4 d5
9.cxd5 exd5 10.e3 Nbd7 11.Bb5 c5 12.Ne2 c4 13.Bc6 Rb8 14.Qc2 Qc7 15.Bxd7 Qxd7
16.Bxf6 gxf6 17.O-O Qf5 18.Qa4 a5 19.Ng3 Qg6 20.Qb5 Rd8 21.Ne2 Bd7 22.Qxd5 Bg4
23.Qxc4 b5 24.Qc7 Bxe2 25.Rfc1 Bf3 26.Qg3 Qxg3 27.hxg3 Bd5 28.a4 b4 29.Rc5 Ra8
30.Rac1 Bb3 31.Rf5 Ra6 32.Rfc5 Bxa4 33.Ra1 Bd7 34.Raxa5 Rxa5 35.Rxa5 Rc8
36.Ra7 Rc1+ 37.Kh2 Bc6 38.Rc7 Rc2 39.d5 Ba4 40.Ra7 Bb3 41.d6 Rd2 42.Rb7 Rxd6
43.Rxb4 Rd3 44.g4 Be6 45.Rf4 Rb3 46.Rxf6 Kg7 47.Rf4 Rxb2 48.Kg3 Rb5 49.Rd4 Rg5
50.Kh4 Kg6 51.f3 Kg7 52.Rd6 Kg6  1/2-1/2

[Event "XLIII WJun"]
[Site "Kochin IND"]
[Date "2004.11.20"]
[Round "1"]
[White "Grigorov,G"]
[Black "Prasanna,K"]
[Result "1/2-1/2"]
[WhiteElo "2321"]
[BlackElo "2096"]

1.d4 Nf6 2.c4 e6 3.Nc3 Bb4 4.Qc2 O-O 5.a3 Bxc3+ 6.Qxc3 b5 7.cxb5 c6 8.Bg5 cxb5
9.Nf3 Bb7 10.e3 h6 11.Bxf6 Qxf6 12.Be2 a6 13.O-O Rc8 14.Qd2 d6 15.Rac1 Nd7
16.a4 Nb6 17.axb5 axb5 18.Qb4 Qd8 19.Rxc8 Nxc8 20.Qxb5 Ba6 21.Qc6 Ne7 22.Qc2 Bxe2
23.Qxe2 Qb8  1/2-1/2

[Event "TCh-ISL 2004-5"]
[Site "Reykjavik ISL"]
[Date "2004.11.20"]
[Round "2"]
[White "Eiriksson,S"]
[Black "Karlsson,B"]
[Result "0-1"]
[WhiteElo "2018"]
[BlackElo "2224"]

1.d4 e6 2.c4 Nf6 3.Nc3 Bb4 4.Qc2 O-O 5.Nf3 c5 6.e3 d5 7.dxc5 Bxc5 8.Be2 Nc6
9.a3 a5 10.O-O Qe7 11.Rd1 Rd8 12.Bd2 h6 13.cxd5 exd5 14.h3 Be6 15.Rac1 Rac8
16.Be1 d4 17.exd4 Nxd4 18.Nxd4 Bxd4 19.Bf3 b6 20.Qa4 Bc5 21.Qh4 Bb3 22.Rxd8+ Rxd8
23.Ne4 Nxe4 24.Qxe7 Bxe7 25.Bxe4 Bg5 26.Rc6 Re8 27.Rxb6 Rxe4 28.Bxa5 Bd5
29.Bc3 Re2 30.Rb5 Be6 31.a4 Rc2 32.a5 Rc1+ 33.Kh2 Bf4+ 34.g3 Bd6 35.h4 Bd7
36.Rb6 Bc5 37.Rb8+ Kh7 38.h5 Bc6 39.Kh3 Bf3  0-1

[Event "Acropolis IM Open"]
[Site "Athens GRE"]
[Date "2004.11.21"]
[Round "6"]
[White "Atalik,S"]
[Black "Gershon,A"]
[Result "1/2-1/2"]
[WhiteElo "2541"]
[BlackElo "2524"]

1.d4 Nf6 2.c4 e6 3.Nc3 Bb4 4.Qc2 O-O 5.a3 Bxc3+ 6.Qxc3 b6 7.Bg5 Bb7 8.e3 d6
9.Ne2 Nbd7 10.Qd3 Ba6 11.Nc3 h6 12.Bh4 d5 13.Qc2 Bxc4 14.Bxc4 dxc4 15.Qa4 c5
16.Rd1 Qc8 17.Qxc4 cxd4 18.Qxc8 Raxc8 19.Rxd4 Ne5 20.Bxf6 gxf6 21.Kd1 Rfd8
22.Rxd8+ Rxd8+ 23.Kc2 f5 24.Rd1 Rxd1 25.Nxd1 Kf8 26.f4 Ng4 27.h3 Nf6 28.Nc3 Ke7
29.Kd3 a6 30.Kd4 Kd7 31.Nd1 Kd6 32.Nf2 Nd5 33.g4 fxg4 34.Ne4+ Ke7 35.hxg4 Nc7
36.Ng3 Ne8 37.Nh5 Nd6 38.e4 Nb5+ 39.Ke5 Na7 40.Kd4 Nb5+ 41.Kd3 f6 42.e5 fxe5
43.fxe5 Nc7 44.Nf6 Ne8 45.Ng8+ Kf7 46.Nxh6+ Kg7 47.g5 Kg6 48.Ke4 Nc7 49.Ng8 Kxg5
50.Ne7 Kg4 51.Ng6 Kh5 52.Nf8 Kg5 53.a4 Kh6 54.Nxe6 Nxe6 55.Kd5 Nf4+ 56.Kc6 Kg6
57.Kxb6 Nd3 58.b3 Kf5 59.Kxa6 Nc5+ 60.Kb5 Nxb3 61.Kc4 Kxe5 62.Kxb3  1/2-1/2

[Event "Acropolis IM Open"]
[Site "Athens GRE"]
[Date "2004.11.23"]
[Round "8"]
[White "Dobrov,V"]
[Black "Gershon,A"]
[Result "0-1"]
[WhiteElo "2487"]
[BlackElo "2524"]

1.d4 Nf6 2.c4 e6 3.Nc3 Bb4 4.Qc2 O-O 5.a3 Bxc3+ 6.Qxc3 b6 7.Nf3 Bb7 8.e3 d6
9.Be2 a5 10.b3 Nbd7 11.O-O Ne4 12.Qc2 f5 13.Ne1 Qh4 14.g3 Ng5 15.f3 Qh5 16.h4 Nf7
17.Ng2 Nf6 18.e4 Qg6 19.exf5 Qxg3 20.fxe6 Ng5 21.d5 Ng4 22.fxg4 Rxf1+ 23.Kxf1 Rf8+
24.Bf4 Nxe6 25.Qd3 Qh2 26.Bf3 Nxf4 27.Nxf4 Rxf4 28.Re1 Rf8 29.Re7 Qxh4 30.Rxc7 Bc8
31.Qd4 Qh1+  0-1

[Event "Lushki A"]
[Site "Serpukhov RUS"]
[Date "2004.11.24"]
[Round "8"]
[White "Khismatullin,D"]
[Black "Ostrovskiy,A"]
[Result "1-0"]
[WhiteElo "2552"]
[BlackElo "2297"]

1.d4 Nf6 2.c4 e6 3.Nc3 Bb4 4.Qc2 O-O 5.a3 Bxc3+ 6.Qxc3 b6 7.Bg5 Ba6 8.Qf3 Nc6
9.e3 h6 10.Bh4 Bb7 11.Qd1 d6 12.Nf3 Nb8 13.Bd3 Nbd7 14.O-O Qe7 15.e4 e5 16.Re1 Rfe8
17.Bc2 Nf8 18.Ba4 Red8 19.d5 Ng6 20.Bg3 Rac8 21.Bc2 Rf8 22.Nd2 h5 23.Nf3 Nh7
24.h4 Rb8 25.Nh2 Nf6 26.Qd2 Nh7 27.Bd1 Nxh4 28.Bxh5 f5 29.f4 fxe4 30.fxe5 Nf5
31.exd6 cxd6 32.Bf4 Nf6 33.Bg5 Qc7 34.Bxf6 Qc5+ 35.Qf2 Rxf6 36.Qxc5 bxc5
37.b4 g6 38.Ng4  1-0

[Event "Stek Cup"]
[Site "Tula RUS"]
[Date "2004.11.25"]
[Round "9"]
[White "Poletov,V"]
[Black "Zaitsev,A2"]
[Result "1/2-1/2"]
[WhiteElo "2371"]
[BlackElo "2329"]

1.d4 Nf6 2.c4 e6 3.Nc3 Bb4 4.Qc2 O-O 5.a3 Bxc3+ 6.Qxc3 b6 7.Bg5 Bb7 8.Rc1 d6
9.Nf3 Nbd7 10.b4 c5 11.e3 Rc8 12.dxc5 bxc5 13.Be2 Qc7  1/2-1/2

[Event "17th Belgrade Trophy"]
[Site "Obrenovac SCG"]
[Date "2004.11.26"]
[Round "5"]
[White "Marcetic,N"]
[Black "Milanovic,Sla"]
[Result "1-0"]
[WhiteElo "2401"]
[BlackElo "2324"]

1.d4 e6 2.c4 Nf6 3.Nc3 Bb4 4.Qc2 O-O 5.a3 Bxc3+ 6.Qxc3 b6 7.Bg5 Ba6 8.e3 d6
9.Bd3 Nbd7 10.Ne2 c5 11.Qb3 Rc8 12.O-O cxd4 13.exd4 e5 14.Qa4 Bb7 15.Bf5 Bc6
16.Qb3 h6 17.Bxf6 Qxf6 18.Qh3 Rc7 19.d5 Ba4 20.b3 Bxb3 21.Bxd7 Bxc4 22.Rfc1 Qd8
23.Bg4 Bxd5 24.Rxc7 Qxc7 25.Rc1 Bc4 26.Ng3 d5 27.Nf5 Qd8 28.Nxh6+ gxh6 29.Qxh6 Bd3
30.Rc3 Bg6 31.h4 d4 32.Rh3 Qf6 33.h5 Qg7 34.hxg6 Qxh6 35.Rxh6 f5 36.Bh5  1-0

[Event "Petrosian Mem Open"]
[Site "Yerevan ARM"]
[Date "2004.11.27"]
[Round "9"]
[White "Kotanjian,T"]
[Black "Morchiashvili,B"]
[Result "1-0"]
[WhiteElo "2472"]
[BlackElo "2350"]

1.d4 Nf6 2.c4 e6 3.Nc3 Bb4 4.Qc2 O-O 5.a3 Bxc3+ 6.Qxc3 b5 7.cxb5 c6 8.Bg5 cxb5
9.e3 Bb7 10.Nf3 h6 11.Bh4 g5 12.Bg3 Ne4 13.Qd3 Bd5 14.Qxb5 Nc6 15.Bd3 Nxg3
16.hxg3 Rb8 17.Qc5 Na5 18.Rb1 Nb3 19.Qc2 Rc8 20.Qd1 Qa5+ 21.Ke2 Kg7 22.e4 g4
23.Ne5 d6 24.exd5 Nxd4+ 25.Kf1 dxe5 26.Qxg4+ Kf6 27.Qh4+  1-0